Central Library OPAC University of Rajshahi

Shakespeare : (Record no. 78152)

MARC details
000 -LEADER
fixed length control field 00865nam a2200277 a 4500
001 - CONTROL NUMBER
control field 78152
003 - CONTROL NUMBER IDENTIFIER
rucl marc code BD-RjUL
005 - DATE AND TIME OF LATEST TRANSACTION
control field 20211209083108.0
008 - FIXED-LENGTH DATA ELEMENTS--GENERAL INFORMATION
fixed length control field 210329s1965 enk 000 0 eng d
035 ## - SYSTEM CONTROL NUMBER
System control number OCLC ocm01231429 from D941020M
System control number (BD-RjUL)78378
040 ## - CATALOGING SOURCE
Original cataloging agency RRR
Transcribing agency RRR
Modifying agency EQO
-- BD-RjUL
Language of cataloging eng
041 ## - LANGUAGE CODE
Language code of text/sound track or separate title eng
082 ## - DEWEY DECIMAL CLASSIFICATION NUMBER
Edition number 23
Classification number 822.33
Author mark and year BES 1965
100 1# - MAIN ENTRY--PERSONAL NAME
Personal name Beck, Richard J.
9 (RLIN) 246676
245 10 - TITLE STATEMENT
Title Shakespeare :
Remainder of title Henry IV /
Statement of responsibility, etc. by Richard J. Beck
260 ## - PUBLICATION, DISTRIBUTION, ETC. (IMPRINT)
Place of publication, distribution, etc. London :
Name of publisher, distributor, etc. Arnold,
Date of publication, distribution, etc. 1965
300 ## - PHYSICAL DESCRIPTION
Pagination 69, [3] p. ;
Size 19 cm.
490 1# - SERIES STATEMENT
Series statement Studies in English literature ;
Volume/sequential designation n. 24
500 ## - GENERAL NOTE
General note Includes index
504 ## - BIBLIOGRAPHY, ETC. NOTE
Bibliography, etc Bibliography: p. [70]
600 10 - SUBJECT ADDED ENTRY--PERSONAL NAME
Personal name Shakespeare, William,
Dates associated with a name 1564-1616.
Title of a work King Henry IV.
830 #0 - SERIES ADDED ENTRY--UNIFORM TITLE
Uniform title Studies in English literature (London, England) ;
Volume number/sequential designation n. 24
942 ## - ADDED ENTRY ELEMENTS (KOHA)
Source of classification or shelving scheme Dewey Decimal Classification
Koha item type Books
Holdings
Lost status Source of classification or shelving scheme Damaged status Not for loan Collection code Permanent Location Current Location Shelving location Date acquired Source of acquisition Cost, normal purchase price Total Checkouts Full call number Date last seen Copy number Koha item type
  Dewey Decimal Classification   Not For Loan Fiction Central Library, University of Rajshahi Central Library, University of Rajshahi Reading Room 27/06/1968 Swets & Zeitlinger 8.60   B 822.33 BES 1965 29/03/2021 C-1 Books
  Dewey Decimal Classification     Fiction Central Library, University of Rajshahi Central Library, University of Rajshahi General Stacks 08/11/1969 Zeitlinger 0.11   822.33 BES 1965 03/11/2025 C-2 Books